000 00691nam a2200193 i 4500
001 40417
003 ES-MaACL
005 20230906160221.0
007 t|
008 030306s1878 sp ||||1| spa d
100 1 _aCárdenas, José de.
_935141
245 1 0 _aDiscurso pronunciado por José Cárdenas en la sesión del Congreso del día 7 de junio de 1878.
260 _aMadrid :
_b[s.n.,
_c1878] (
_fTip. Estereotipia Perojo)
300 _a35 p. ;
_c25 cm.
500 _aTema: Discusión del presupuesto del Ministerio de Fomento.
651 4 _aEspaña-
_xHistoria-
_y1874-1885, Alfonso XII.
_98265
852 _aES-MaACL
_jL-4912 (20-6)
852 _aES-MaACL
_jT-246-F-1
999 _c40417
_d40417